| 000 -ლიდერი |
| ფიქსირებული სიგრძის საკონტროლო ველი |
01778nam a2200277Ia 4500 |
| 001 - საკონტროლო ნომერი |
| საკონტროლო ველი |
23096 |
| 003 - საკონტროლო ნომრის იდენტიფიკატორი |
| საკონტროლო ველი |
GE_BSU |
| 005 - ბოლო ოპერაციის თარიღი და დრო |
| საკონტროლო ველი |
20230711171736.0 |
| 008 - ფიქსირებული სიგრძის მონაცემთა ელემენტები - ზოგადი ინფორმაცია |
| ფიქსირებული სიგრძის საკონტროლო ველი |
181216s1990||||ge |||||||||||||| ||geo|| |
| 040 ## - კატალოგიზაციის წყარო |
| Transcribing agency |
GE_BSU |
| 041 ## - ენის კოდი |
| Language code of text/sound track or separate title |
geo |
| 080 ## - უნივერსალური ათობითი კლასიფიკაციის ინდექსი |
| Universal Decimal Classification number |
821.111-32 + 821.111-94 ს-83 |
| 100 ## - მთავარი ჩანაწერი - პიროვნების სახელი |
| Personal name |
სტერნი, ლორენს |
| 9 (RLIN) |
19247 |
| 245 ## - ცნობა სათაურის შესახებ |
| Title |
თხზულებანი : ჯენტლმენ ტრისტამ შენდის ცხოვრება და შეხედულებანი; სენტიმენტალური მოგზაურობა საფრანგეთსა და იტალიაში; მემუარები / |
| Statement of responsibility, etc |
ლორენს სტერნი ; ინგლ. თარგმნა და კომენტარები დაურთო გიორგი ჯაბაშვილმა ; წინასიტყვ. ავტ. ე. თოფურიძე. |
| 264 ## - წარმოების, გამოცემის, დისტრიბუციის და სხვა ცნობები |
| გამოცემის, წარმოების, დისტრიბუციის... ადგილი |
თბილისი : |
| გამოცემის, წარმოების, დისტრიბუციის... სახელწოდება |
საქართველო, |
| გამოცემის, წარმოების, დისტრიბუციის... თარიღი |
1990. |
| 300 ## - ფიზიკური აღწერა |
| Extent |
863 გვ. ; |
| Dimensions |
22 სმ. |
| 490 ## - სერიის ცნობა |
| Series statement |
მსოფლიო ლიტერატურის ბიბლიოთეკა |
| 653 ## - INDEX TERM--UNCONTROLLED |
| Uncontrolled term |
თხზულებანი |
| 653 ## - INDEX TERM--UNCONTROLLED |
| Uncontrolled term |
ჯენტლმენ ტრისტამ შენდის ცხოვრება და შეხედულებანი |
| 653 ## - INDEX TERM--UNCONTROLLED |
| Uncontrolled term |
მემუარები |
| 653 ## - INDEX TERM--UNCONTROLLED |
| Uncontrolled term |
სენტიმენტალური მოგზაურობა საფრანგეთსა და იტალიაში |
| 700 ## - ADDED ENTRY--PERSONAL NAME |
| Personal name |
ჯაბაშვილი, გიორგი |
| Relator term |
მთარგმნელი |
| 9 (RLIN) |
12681 |
| 700 ## - ADDED ENTRY--PERSONAL NAME |
| Personal name |
თოფურიძე, ე. |
| 9 (RLIN) |
19248 |
| 942 ## - ADDED ENTRY ELEMENTS (KOHA) |
| Koha item type |
წიგნი |
| Source of classification or shelving scheme |
|